[Event "Victoria-ch U14/U16/U18"]
[Site "Box Hill"]
[Date "2005.04.24"]
[Round "4"]
[White "Somaskanthan, Aingaran"]
[Black "Aghabayev, Farid"]
[Result "1-0"]
[WhiteElo "1086"]
[BlackElo "1191"]
[PlyCount "53"]
[EventDate "2005.05.05"]
[EventType "swiss"]
[EventRounds "8"]
[EventCountry "AUS"]
[SourceTitle "EXT 2018"]
[Source "ChessBase"]
[SourceDate "2017.10.13"]
[SourceVersion "1"]
[SourceVersionDate "2017.10.13"]
[SourceQuality "1"]

1. e4 e5 2. Nf3 d6 3. d4 exd4 4. Nxd4 Nf6 5. Bg5 Be7 6. Nc3 0-0 7. Bc4 c5 8. Nf3 Nc6 9. 0-0 Bg4 10. Be2 h6 11. Bh4 Ne8 12. Bg3 f5 13. exf5 Bxf5 14. Bc4+ Kh8 15. Re1 Bg4 16. Nd5 Bxf3 17. gxf3 Bh4 18. f4 Bxg3 19. fxg3 Nf6 20. Qf3 Nd4 21. Qg2 Nxd5 22. Bxd5 Qb6 23. c3 Nc6 24. Re6 Rad8 25. Qh3 Rfe8 26. Rxh6+ gxh6 27. Qxh6# 1-0

[Event "Box Hill Victorian-ch U20"]
[Site "Box Hill"]
[Date "2005.04.24"]
[Round "3"]
[White "Vijayakumar, Rengan"]
[Black "Somaskanthan, Aingaran"]
[Result "1/2-1/2"]
[WhiteElo "1373"]
[BlackElo "1086"]
[PlyCount "34"]
[EventDate "2005.04.23"]
[EventType "swiss"]
[EventRounds "7"]
[EventCountry "AUS"]
[SourceTitle "EXT 2010"]
[Source "ChessBase"]
[SourceDate "2010.11.25"]
[SourceVersion "1"]
[SourceVersionDate "2010.11.25"]
[SourceQuality "1"]

1. e4 e5 2. Nf3 Nc6 3. Bb5 a6 4. Bxc6 dxc6 5. 0-0 Bd6 6. d4 Bg4 7. c3 Ne7 8. h3 Bxf3 9. Qxf3 Ng6 10. Be3 0-0 11. Nd2 Qd7 12. Rad1 f5 13. exf5 Rxf5 14. Qe2 exd4 15. Bxd4 c5 16. Qc4+ Qf7 17. Qxf7+ Rxf7 1/2-1/2